| 000 | 00503nam a22001817a 4500 | ||
|---|---|---|---|
| 003 | MPLRDC | ||
| 005 | 20220104124742.0 | ||
| 008 | 210129b ||||| |||| 00| 0 eng d | ||
| 020 | _a7-5004-1001-8 | ||
| 082 | _a628.5 ZGSH | ||
| 100 | _a中国社会科学院近代史研究所 | ||
| 245 |
_a日本侵华七十年史 _c |
||
| 250 | _a一版一刷 | ||
| 260 |
_a _b中国社会科学出版社 _c1992 |
||
| 300 | _b平 | ||
| 650 | _a中国现代史; 民国史--中日战争 | ||
| 942 |
_cBK _o628.5 ZGSH |
||
| 999 |
_c21865 _d21855 |
||